03655nam a2200289 a 450000100100000000500170001000800410002702000230006802000230009104000250011408200150013910000430015424501560019726000360035330000390038950000710042850400320049950507600053150515350129170000370282670000410286395201080290495201140301295201080312695201140323499900170334800004596520250211105136.0150603s2015 dr ac 000 0 spa d z9789945082388 v. 1 z9789945082395 v. 2 aDO-SdBNPbspacBNPHU axxxxbxxxx1 aStern Díaz, Herbert S.d1958-91391310aApuntes y documentos para la historia de la medicina dominicana del siglo XX /cHerbert S. Stern Díaz ; prólogo José Silié, José G. Guerrero. aSanto Domingo :bBúho,c2015. av. :bil., mapas, retrs. ;c28 cm. aIncluye datos biográficos del autor en la solapa de la cubierta. aBibliografía : p. 705-7060 av. 1tIntroducción --tEl juro médico --tCronología --tLos primeros años (1900-1916) --tLa salud durante la ocupación militar norteamericana (1916-1923) --tEl final de la ocupación y la llegada de trujillo (1923-1930) --tInicios de la Era de Trujillo (1930-1940) --tCentenario de la República Dominicana (1940-1950) --tConferencia Sanitaria Panamericana. La feria de la paz (1950-1960) --tFinal de la Era de Trujillo, guerra civil y democracia (1960-1970) --tLa modernización de la medicina domicana (1970-1980) --tLa erradicación del polio y la aparición del SIDA. Irregularidades en títulos universitarios (1980-1990) --tInicio de las subespecialidades (1990-2000) --tActas e historia del colegio médico dominicano --0 gv. 2tEspecialidades --tLa especialización de la medicina dominicana --tHistoria de la anatomía patológica y medicina forense --tHistoria de la lucha contra la diabetes en la República Dominicana --tEvolución del síndrome de inmunodeficiencia adquirida en República Dominicana --tHistoria de la gastroenterología y la Sociedad Dominicana de gastroenterología --tHistoria de la pediatría y la Sociedad Dominicana de Pediatría --tHistoria de la ortopedia en la Republica Dominicana --tHistoria de la radiología dominicana --tHistoria de la psiquiatría y la Sociedad Dominicana de psiquiatría --tHistoria de la cardiología y la Sociedad Dominicana de cardiología --tHistoria de la Sociedad Dominicana de Oftalmología --tHistoria de la dermatología y la Sociedad Dominicana de Dermatología --tHistoria de la Sociedad Dominicana de Otorrinolaringología --tLos inicios de la obstetricia y la ginecología y la Sociedad Dominicana de Ginecología y Obstetricia --tEvolución de la cirugía dominicana: la cirugía plástica y manejo de quemados --tHistoria de la anestesia en República Dominicana --tApuntes sobre la medicina militar --tTrabajo de Heriberto Pieter --tHistoria de la medicina en algunas ciudades --tPublicaciones médicas dominicanas --tBiografías de médicos dominicanos --tLa enseñanza de la medicina en República DominicanatSalud y política --tAspectos legales del ejercicio médico en República Dominicana --tClinicas y hospitales.12aSilié, José,epról.97403912aGuerrero, José G.,epról.918729 0010718PDaPDbPDcCTd2015-06-03iLF1l0ov. 1p45965-10r2020-06-25w2020-06-25yLFPDZNo se presta 0010718PDaPDbPDcCTd2015-06-03iLF1l0ov. 1, e. 2p45965-20r2020-06-25w2020-06-25yLFPDZNo se presta 0010718PDaPDbPDcCTd2015-06-03iLF1l0ov. 2p45965-30r2020-06-25w2020-06-25yLFPDZNo se presta 0010718PDaPDbPDcCTd2015-06-18iLF1l0ov. 2, e. 2p45965-40r2020-06-25w2020-06-25yLFPDZNo se presta c45454d45454